01349naa a22002657a 4500001001000000003000900010005001700019007000300036008003400039040005400073041000900127072001300136100002400149100002300173100001700196100001800213100001700231111016400248245011300412500021700525773021600742650002400958650002600982490007501008BR9405987BR-BrBNA20250721155523.0ta250630b bl.|||m| |||| 00| 0 por d aBR-BrBNAbporcBiblioteca Nacional de Agricultura a(Pt) aE14; F081 aBarbosa, F.R. de A.1 aMacedo, M. de N.C.1 aCabral, W.G.1 aNobre, F.R.C.1 aMota, N.L.C.1 a1. Congresso Brasileiro sobre Sistemas Agroflorestais; 1. Encontro sobre Sistemas Agroflorestais nos Paises do MERCOSULcPorto Velho, RO (Brazil)d3-7 Jul 19941 aMetodologia de pesquisa e extensao em sistemas agroflorestais para comunidades de pequenos produtores rurais a1. Congresso Brasileiro sobre Sistemas Agroflorestais e 1. Encontro sobre Sistemas Agroflorestais nos Paises do MERCOSUL. Anais. V. 2: trabalhos voluntarios Colombo, PR (Brasil): 1994. p. 303-308 (BR9405987-AMS) 0 t1. Congresso Brasileiro sobre Sistemas Agroflorestais e 1. Encontro sobre Sistemas Agroflorestais nos Paises do MERCOSUL. Anais. V. 2: trabalhos voluntarioswE14 BR9405987gColombo, PR (Brasil), 1994. p. 303-308 aTecnologia Agricola aSistema Agroflorestal aDocumentos - Centro Nacional de Pesquisa de Florestas (Brazil)vno. 27